000 00367nam a2200145Ia 4500
008 241014s9999||||xx |||||||||||||| ||und||
020 _a978-0415701884
060 _aWQ 200 B 2007
100 _aVincezo Berghella
245 0 _aObstetric Evidence Based Guidelines.
260 _bInforma HealthCare
_c2007
300 _a235
650 _aObstetrics
942 _bDIMC
_cBK
999 _c8561
_d8561